පුංචි කෝච්චිය/

Saved in:
Bibliographic Details
Main Author: අබේසේකර, තිස්ස
Other Authors: මහින්දපාල, එම්.ඩී (පුංචි කෝච්චිය)
Format: Book
Language:English
Sinhalese
Published: කොළඹ 10 : ෆාස්ට්,
Subjects:
Tags: Add Tag
No Tags, Be the first to tag this record!

MARC

LEADER 00000nam a22000007a 4500
003 LK-RuCL
005 20260409091542.0
008 260409b |||||||| |||| 00| 0 eng d
020 |a 9789556772401 
040 |a LK-RuCL  |b sin  |d LK-RuCL 
041 |a sin 
082 |2 23  |a 823  |b අබේසේ 
100 |a අබේසේකර, තිස්ස 
130 |a Bring Tony Home/ 
245 |a පුංචි කෝච්චිය/  |c එම්.ඩී.මහින්දපාල 
260 |a කොළඹ 10 :  |b ෆාස්ට්,  |g 2018 
300 |a පි. 104 :  |b සචිත්‍ර ;  |c සෙ.මි.21.5 
650 0 |a ඉංග්‍රීසි ප්‍රබන්ධ | සිංහල පරිවර්තන 
700 |a මහින්දපාල, එම්.ඩී  |e පුංචි කෝච්චිය  
942 |c LBK 
999 |c 14270  |d 14270